2938-西宮市(兵庫県)の駅 - Statistics

General Stats
  • This quiz has been taken 72 times
    11 since last reset
  • The average score is 20 of 22
Answer Stats
Answer % Correct
西宮名塩
100%
甲東園
100%
甲陽園
100%
西宮北口
100%
甲子園口
100%
西宮
100%
さくら夙川
100%
西宮
100%
今津
100%
甲子園
100%
武庫川
100%
夙川
89%
阪神国道
89%
鳴尾・武庫川女子大前
89%
武庫川団地前
89%
生瀬
78%
門戸厄神
78%
苦楽園口
78%
香櫨園
78%
東鳴尾
78%
洲先
78%
久寿川
67%
No matching quizzes found
Score Distribution
Percent of People with Each Score
Percentile by Number Answered
Your Score History
You have not taken this quiz since the last reset